| 000 | 01185nam a22002177a 4500 | ||
|---|---|---|---|
| 999 |
_c62449 _d62449 |
||
| 003 | Ge_BSU | ||
| 005 | 20241105164231.0 | ||
| 008 | 241105s1955 ge ||||| |||| 00| 0 geo d | ||
| 041 | _ageo | ||
| 080 | _a612.766.1 კ-83 | ||
| 100 |
_aკრესტოვნიკოვი, ა.ნ., _923628 _eავტ. |
||
| 245 |
_aნარკვევები ფიზიკურ ვარჯიშთა ფიზიოლოგიიდან / _c ა.ნ. კრესტოვნიკოვი, მთარგმნ: ბ. ანთელიძე, ე. გუგუნავა, რედ. ს. ნარიკაშვილი |
||
| 264 |
_aთბილისი : _bსახელგამი, _c1955. |
||
| 300 |
_a516 გვ. : _bნახაზ. ; _c22 სმ. |
||
| 653 | _aფიზიკური ვარჯიშის ფიზიოლოგია. | ||
| 653 | _aმედიცინა | ||
| 700 |
_aანთელიძე, ბ _eმთარგმნელი _923629 |
||
| 700 |
_aგუგუნავა, ე _eმთარგმნელი _923630 |
||
| 700 |
_aნარიკაშვილი, ს _eრედაქტორი _923631 |
||
| 942 |
_2udc _cBK |
||